| 000 | 00920nam a2200253 i 4500 | ||
|---|---|---|---|
| 003 | IT-RoINE | ||
| 005 | 20201120122713.0 | ||
| 008 | 030217s2002 sp | r 000 0bspa d | ||
| 020 | _a8489645574 | ||
| 040 |
_aSpMaBN _bspa _cIT-RoINE _erdc _dIT-RoINE |
||
| 100 | 1 |
_aUreña Francés, Rosa _97414 |
|
| 245 | 1 | 0 |
_aRafael de Ureña y Smenjaud : _buna biografía intelectual / _cRosa Ureña Francés. |
| 260 |
_aOviedo : _bReal Instituto de Estudios Asturianos, _c2002. |
||
| 300 |
_a230 p. ; _c24 cm. |
||
| 336 |
_2rdacontent _atext |
||
| 337 |
_2rdamedia _aunmediated |
||
| 338 |
_2rdacarrier _avolume |
||
| 490 | 1 |
_aSerie biográfica ; _v2 |
|
| 504 | _aBibliografía: p. [221]-230. | ||
| 600 | 1 | 4 |
_aUreña y Smenjaud, Rafael de, _d1852-1930 _xBiografía _97415 |
| 651 | 4 |
_97069 _aEspaña _xHistoria _y1874-1902 (Restauración) |
|
| 830 | 0 |
_aSerie biográfica (Real Instituto de Estudios Asturianos) ; _97416 _v2 |
|
| 942 | _cMTS | ||
| 999 |
_c3605 _d3605 |
||